Biggest Cities in Western Asia by Country - Statistics

General Stats
  • This quiz has been taken 15 times
  • The average score is 13 of 24
Answer Stats
Population Answer % Correct
1.8 M Beirut
100%
1.04 M Gaza City
100%
2.9 M Aleppo
92%
6.4 M Amman
92%
6.3 M Baghdad
92%
4.3 M Damascus
92%
1.1 M East Jerusalem
92%
333 K Nicosia
92%
1.6 M Mosul
85%
378 K Tripoli
69%
1.6 M Erbil
54%
940 K Homs
54%
208 k Limassol
46%
232 K Sidon
46%
78 K Larnaca
38%
465 K Hebron
31%
601 K Khan Yunis
31%
591 K Latakia
31%
792 K Irbid
23%
124 K Nabatieh
15%
155 K Al Salt
8%
65 K Pafos
8%
2.03 M Bosra
0%
153 K Madaba
0%
No matching quizzes found
Score Distribution
Percent of People with Each Score
Percentile by Number Answered
Your Score History
You have not taken this quiz